1743 1479 1251 1859 1167 1850 1301 1317 1253 1220 1861 1193 1356 1584 1130 1617 1994 1556 1237 1287 1141 1395 1002 1152 1569 1666 1944 1225 1087 1226 1263 1091 1940 1503 1061 1582 1927 1646 1688 1184 1170 1686 1710 1414 1721 1015 1483 1242 1753 1600 1535 1018 1157 1389 1463 1102 1425 1748 1699 1932 1801 1405 1052 1706 1392 1620 1487 1387 1303 1490 1351 1400 1380 1910 1309 1500 1788 1394 1552 1646 1405 1871 1905 1537 1035 1974 1620 1162 1521 1079 1914 1941 1484 1541 1434 1980 1452 1731 1108 BCNSPRNW ULIB Ver.6.0+V

เปลี่ยนเป็นภาษาไทย

Change to English
 แสดงรายละเอียดบรรณานุกรม
  กลับหน้าหลัก

Brief Record : Get Marc (ISO 2709) : E-mail record : QR code < ปิดหน้าต่าง
LEADER : 00000nam 2200000uu 4500
001    13399111643
003     ULIB
008    110704s||||||||th 000 0 tha d
020    9789749477229
020    9749477227
050 04 BQ4570^bว233ธ 2549
100 0  วรภัทร์ ภู่เจริญ
245 10 ธรรมะสอนหญิงที่ชายก็ควรอ่าน /^cวรภัทร์ ภู่เจริญ
250    พิมพ์ครั้งที่ 1
260    กรุงเทพฯ :^bอริยชน,^c2549
300    92 หน้า :^bภาพประกอบ
650  7 ธรรมะกับชีวิตประจำวัน
650  7 สตรี^xการดำเนินชีวิต
945    ^p105^l0^i023136
995    ทศพร
999 ^a ใช้งานได้ทุกระบบ
รายการนี้ยังไม่มีแท็ก
คุณยังไม่ได้ล็อกอิน คุณสามารถมีกิจกรรมร่วมกับเว็บไซต์ได้ แต่ต้องล็อกอินก่อน ::
  ล็อกอิน

รายการสื่อสารสนเทศ

ลำดับที่ ประเภท เลขเรียก/บาร์โค้ด สถานที่ สถานะ
- ไม่พบข้อมูล -

รายการใกล้เคียง
    ผู้แต่ง [วรภัทร์ ภู่เจริญ]

    หัวเรื่อง [ธรรมะกับชีวิตประจำวัน]

BibComment


ยังไม่เคยถูกคอมเมนท์

คอมเมนท์ทรัพยากรรายการนี้
  คอมเมนท์: ธรรมะสอนหญิงที่ชา..


 Copyright 2026. Bcnsprnw @Library